书目信息 |
| 题名: |
中国金融创新再出发
|
|
| 作者: | ;径山报告课题组 著 | |
| 分册: | ||
| 出版信息: | 北京 中信出版集团股份有限公司 2020 |
|
| 页数: | 24,440页 | |
| 开本: | 23cm | |
| 丛书名: | 中国金融四十人论坛书系 | |
| 单 册: | ||
| 中图分类: | F832.1 | |
| 科图分类: | ||
| 主题词: | 金融改革--研究报告--中国 | |
| 电子资源: | ||
| ISBN: | 978-7-5217-1593-4 | |
| 000 | 00981oam2 2200241 450 | |
| 001 | 2147620836 | |
| 005 | 20211116131345.28 | |
| 010 | @a978-7-5217-1593-4@b精装@dCNY89.00 | |
| 100 | @a20200622d2020 em y0chiy50 ea | |
| 101 | 0 | @achi |
| 102 | @aCN@b110000 | |
| 105 | @ay z 000yy | |
| 200 | 1 | @a中国金融创新再出发@9zhong guo jin rong chuang xin zai chu fa@f《径山报告》课题组著 |
| 210 | @a北京@c中信出版集团股份有限公司@d2020 | |
| 215 | @a24,440页@d23cm | |
| 225 | 1 | @a中国金融四十人论坛书系 |
| 330 | @a本书是中国金融四十人论坛主办的《径山报告》项目2019年的研究成果,由综合报告和6个分报告组成。书中从金融结构、资本市场、商业银行、影子银行、数字金融、人民币国际化等方面,分析解读了在实现高质量发展方面,中国金融体系目前所面临的一系列挑战。 | |
| 461 | 0 | @12001 @a中国金融四十人论坛书系 |
| 606 | 0 | @a金融改革@x研究报告@y中国 |
| 690 | @aF832.1@v5 | |
| 711 | 02 | @a径山报告课题组@9jing shan bao gao ke ti zu@4著 |
| 801 | 0 | @aCN@b山东中教@c20211112 |
| 905 | @aZUCC@dF832.1@e10 | |
| 中国金融创新再出发/《径山报告》课题组著.-北京:中信出版集团股份有限公司,2020 |
| 24,440页;23cm.-(中国金融四十人论坛书系) |
| ISBN 978-7-5217-1593-4(精装):CNY89.00 |
| 本书是中国金融四十人论坛主办的《径山报告》项目2019年的研究成果,由综合报告和6个分报告组成。书中从金融结构、资本市场、商业银行、影子银行、数字金融、人民币国际化等方面,分析解读了在实现高质量发展方面,中国金融体系目前所面临的一系列挑战。 |
| ● |
| 相关链接 |
|
|
|
正题名:中国金融创新再出发
索取号:F832.1/10
 
预约/预借
| 序号 | 登录号 | 条形码 | 馆藏地/架位号 | 状态 | 备注 |
| 1 | 2000887254 | 2000887254 | 第三书库/ [索取号:F832.1/10] | 在馆 | |
| 2 | 2000887255 | 2000887255 | 第三书库/ [索取号:F832.1/10] | 在馆 | |
| 3 | 2000887256 | 2000887256 | 第三书库/ [索取号:F832.1/10] | 在馆 |